| 000 | 00581nam a2200253Ia 4500 | ||
|---|---|---|---|
| 008 | 160321s9999||||xx |||||||||||||| ||und|| | ||
| 040 | _cEnglish | ||
| 082 | _aXI.A/Hahn | ||
| 082 | _bBORI-66640 | ||
| 100 | _aEmily Hahn | ||
| 245 | _aEngland To Me | ||
| 300 | _a287 | ||
| 300 | _cB | ||
| 300 | _eHardbound | ||
| 530 | _u00096161.pdf | ||
| 563 | _aStudy | ||
| 600 | _aEmily Hahn | ||
| 630 | _aEngland To Me | ||
| 650 | _a"Politics, History+ Historiography" | ||
| 650 | _aGeneral Indology | ||
| 700 | _aEmily Hahn | ||
| 730 | _aEngland To Me | ||
| 942 | _cBOOK | ||
| 999 |
_c1367832 _d1367829 |
||